| 000 | 00512nam a22001937a 4500 | ||
|---|---|---|---|
| 003 | NUST - PNEC | ||
| 005 | 20170116180825.0 | ||
| 008 | 150701b xxu||||| |||| 00| 0 eng d | ||
| 020 | _a0070380236 | ||
| 040 | _cLIBRARY | ||
| 082 | _a512 LIP | ||
| 100 |
_94286 _aLipschutz, Seymour |
||
| 245 |
_a3000 solved problems in linear algebra _cSeymour Lipschutz |
||
| 250 | _a1st ed | ||
| 260 |
_aNew York _bMcGraw-Hill Education; _cc1989. |
||
| 300 | _a480 p. : | ||
| 650 |
_94287 _aAlgebra _xME |
||
| 942 |
_2ddc _cBK |
||
| 999 |
_c63842 _d63842 |
||